000 00450nam a22001811a 4500
001 12351
003 OSt
005 20260204212323.0
008 150629s1950||||ag ||||||b||||||||||spa||
082 _aR340.56 J791d
100 _aJosserand, Louis
245 _aDerecho civil / Lois Josserand
264 _aArgentina : Editores
300 _a469 p.
505 _aTomo III, vol. e, 2, Tomo I. v. III
650 _aDERECHO CIVILÌ
942 _2ddc
_cBK
999 _c12351
_d12351